00550nam a22001692 4500001001100000005001700011008004100028020002800069040001500097050001600112100003300128245006100161260004300222300002600265504005100291650003800342000000526020151217151959.0070611s xx 000 0 eng d a047182657X :cGBP 95.00 aKABUcKABU 0aTP145b.W451 aWhite, Howard L.@000015645310aIntroduction to industrial chemistry /cHoward L. White. aNew York :bJohn Wiley & Sons,cc1986. axlv, 247 p. ;c24 cm. aIncludes bibliographical references and index. 0aChemistry, Technical.@0000156454